Il Rifugio Dei Cuori Solitari

-д хадгалсан:
Номзүйн дэлгэрэнгүй
Үндсэн зохиолч: Lucy Dillon
Формат: Ном
Хэл сонгох:Тодорхойгүй
Хэвлэсэн: Garzanti
Шошгууд: Шошго нэмэх
Шошго байхгүй, Энэхүү баримтыг шошголох эхний хүн болох!

MARC

LEADER 00000nam a2200000Ia 4500
001 R-744
003 CODICE-MESSINA
005 20260212102457.0
008 260211s9999 xx 000 0 und d
040 |c importazione_messina 
100 |a Lucy Dillon 
245 0 |a Il Rifugio Dei Cuori Solitari 
260 |b Garzanti 
942 |2 ddc  |c BK 
952 |0 0  |1 0  |2 ddc  |4 0  |6 SCAFFALE_7_000000000000000__ROMANZI  |7 0  |9 31571  |a ME  |b ME  |d 2026-02-11  |l 0  |o SCAFFALE 7 - ROMANZI  |p R-744  |r 2026-02-11 23:52:38  |w 2026-02-11  |x [REVISIONARE]  |y BK 
999 |c 27236  |d 27236